| 000 | 00405cam a22001337a 4500 | ||
|---|---|---|---|
| 008 | 180718b1958 xxu||||| |||| 00| 0 eng d | ||
| 082 | _aLx5434 | ||
| 100 | _aRajasthan. Finance Enquiry Committee | ||
| 245 | _aReport of the Rajasthan Finance Enquiry Committee, 1958 | ||
| 260 |
_aJaipur _bThe author _c1958 |
||
| 300 | _a312+p. | ||
| 500 | _aChairman: N. Madhava Rau | ||
| 700 | _aMadhava Rau, N. (Chairman) | ||
| 999 |
_c489381 _d489381 |
||